Stacje na trasie pociągu IC ZAMOYSKI 8334 - Statystyki

Ogólne statystyki
  • Ten quiz został rozwiązany 20 razy
  • Średni wynik to 29 z 39
Statystyki odpowiedzi
Odpowiedź % Poprawnych
Odczepienie wagonów Lublin Główny
100%
Warszawa Centralna
100%
Warszawa Wschodnia
100%
Warszawa Zachodnia
100%
Dęblin
94%
Koniec trasy pociągu Rzeszów Główny
94%
Bydgoszcz Główna
88%
Kutno
88%
Lublin Zachodni
88%
Połączenie z Pociągiem 8034 ze stacji Kołobrzeg Piła Główna
88%
Stalowa Wola Rozwadów
88%
Kraśnik
82%
Nałęczów
82%
Pilawa
82%
Puławy Miasto
82%
Szczecin Główny
82%
Toruń Główny
82%
Leżajsk
76%
Nisko
76%
Sochaczew
76%
Szczecin Dąbie
76%
Włocławek
76%
Aleksandrów Kujawski
71%
Bydgoszcz Leśna
71%
Łańcut
71%
Łowicz Główny
71%
Rudnik nad Sanem
71%
Solec Kujawski
71%
Stalowa Wola Centrum
71%
Stargard
71%
Zaklików
71%
Bydgoszcz Wschód
59%
Nakło nad Notecią
59%
Nowa Sarzyna
59%
Wałcz
59%
Wyrzysk Osiek
41%
Kalisz Pomorski
35%
Tuczno Krajeńskie
29%
Recz Pomorski
24%
Nie znaleziono quizów pasujących do podanych kryteriów
Rozkład punktacji
Procent ludzi z każdym wynikiem
Percentyl według liczby udzielonych odpowiedzi
Twoja historia wyników
Nie rozwiązałeś tego quizu